Euros 2024 Hungary Squad - Statistics

General Stats
  • This quiz has been taken 54 times
  • The average score is 11 of 26
Answer Stats
Pos Club Answer % Correct
MF Liverpool Dominik Szoboszlai
95%
GK Leipzig Peter Gulacsi
93%
DF Leipzig Willi Orban
80%
DF Bournemouth Milos Kerkez
73%
DF Freiburg Attila Szalai
66%
FW Freiburg Roland Sallai
59%
FW Ferencvaros Barnabas Varga
45%
MF Spezia Adam Nagy
43%
FW Ulsan HD Martin Adam
43%
DF Puskas Aca Zsolt Nagy
43%
DF Le Havre Loic Nego
39%
MF Sunderland Callum Styles
36%
GK Ferencvaros Denes Dibusz
34%
DF Omonia Adam Lang
30%
MF Union Berlin Andras Schafer
27%
DF Fehervar Attila Fiola
27%
MF Servette Bendeguz Bolla
27%
DF Parma Botond Balogh
25%
FW Philadelphia Daniel Gazdag
25%
FW Ujpest Kevin Csoboth
25%
DF Hertha Marton Dardai
25%
GK Paksi FC Peter Szappanos
23%
DF Ferencvaros Endre Botka
20%
FW Kecskemet Krisztofer Horvath
20%
MF Hajduk Split Laszlo Kleinheisler
20%
MF MTK Budapest Mihaly Kata
18%
No matching quizzes found
Score Distribution
Percent of People with Each Score
Percentile by Number Answered
Your Score History
You have not taken this quiz